<?xml version="1.0" encoding="UTF-8"?>
<record
    xmlns:xsi="http://www.w3.org/2001/XMLSchema-instance"
    xsi:schemaLocation="http://www.loc.gov/MARC21/slim http://www.loc.gov/standards/marcxml/schema/MARC21slim.xsd"
    xmlns="http://www.loc.gov/MARC21/slim">

  <leader>00884nam2a22002411  4500</leader>
  <controlfield tag="001">RU\NLR\INFOCOMM18\1000059798</controlfield>
  <controlfield tag="005">20250617135716.0</controlfield>
  <datafield tag="035" ind1=" " ind2=" ">
    <subfield code="a">(NLR Aleph) 002646162</subfield>
  </datafield>
  <datafield tag="090" ind1=" " ind2=" ">
    <subfield code="a">3829025</subfield>
    <subfield code="c">3829025</subfield>
  </datafield>
  <datafield tag="100" ind1=" " ind2=" ">
    <subfield code="a">20040113d2001    |||y0rusy50      ca</subfield>
  </datafield>
  <datafield tag="101" ind1="0" ind2=" ">
    <subfield code="a">rus</subfield>
  </datafield>
  <datafield tag="102" ind1=" " ind2=" ">
    <subfield code="a">RU</subfield>
  </datafield>
  <datafield tag="105" ind1=" " ind2=" ">
    <subfield code="a">y   |||||||||</subfield>
  </datafield>
  <datafield tag="200" ind1="0" ind2=" ">
    <subfield code="a">2001, &#x2116;16</subfield>
  </datafield>
  <datafield tag="210" ind1=" " ind2=" ">
    <subfield code="d">2001</subfield>
    <subfield code="a">&#x411;. &#x43C;.</subfield>
  </datafield>
  <datafield tag="461" ind1=" " ind2="0">
    <subfield code="1">001RU\NLR\INFOCOMM18\1000059423</subfield>
    <subfield code="1">2001#$a&#x412;&#x435;&#x441;&#x442;&#x43D;&#x438;&#x43A; &#x43F;&#x440;&#x43E;&#x444;&#x441;&#x43E;&#x44E;&#x437;&#x43E;&#x432;$f&#x412;&#x441;&#x435;&#x43E;&#x431;&#x449;. &#x43A;&#x43E;&#x43D;&#x444;&#x435;&#x434;&#x435;&#x440;&#x430;&#x446;&#x438;&#x44F; &#x43F;&#x440;&#x43E;&#x444;&#x441;&#x43E;&#x44E;&#x437;&#x43E;&#x432; &#x421;&#x421;&#x421;&#x420;$v2001, &#x2116;16</subfield>
    <subfield code="9">3828711</subfield>
    <subfield code="c">&#x41C;.</subfield>
    <subfield code="d">1967-</subfield>
    <subfield code="f">&#x412;&#x441;&#x435;&#x43E;&#x431;&#x449;. &#x43A;&#x43E;&#x43D;&#x444;&#x435;&#x434;&#x435;&#x440;&#x430;&#x446;&#x438;&#x44F; &#x43F;&#x440;&#x43E;&#x444;&#x441;&#x43E;&#x44E;&#x437;&#x43E;&#x432; &#x421;&#x421;&#x421;&#x420;</subfield>
    <subfield code="n">&#x41F;&#x440;&#x43E;&#x444;&#x438;&#x437;&#x434;&#x430;&#x442;</subfield>
    <subfield code="t">&#x412;&#x435;&#x441;&#x442;&#x43D;&#x438;&#x43A; &#x43F;&#x440;&#x43E;&#x444;&#x441;&#x43E;&#x44E;&#x437;&#x43E;&#x432;</subfield>
    <subfield code="x">0869-480X</subfield>
    <subfield code="v">2001, &#x2116;16</subfield>
  </datafield>
  <datafield tag="801" ind1=" " ind2="1">
    <subfield code="a">RU</subfield>
    <subfield code="b">InfoComm</subfield>
    <subfield code="c">20040113</subfield>
  </datafield>
  <datafield tag="801" ind1=" " ind2="0">
    <subfield code="a">RU</subfield>
    <subfield code="b">NLR</subfield>
    <subfield code="g">PSBO</subfield>
  </datafield>
  <datafield tag="852" ind1=" " ind2=" ">
    <subfield code="a">NLR</subfield>
    <subfield code="j">&#x41F;23/2735</subfield>
  </datafield>
  <datafield tag="942" ind1=" " ind2=" ">
    <subfield code="c">ISSUE</subfield>
  </datafield>
  <datafield tag="980" ind1=" " ind2=" ">
    <subfield code="a">NB</subfield>
  </datafield>
  <datafield tag="980" ind1=" " ind2=" ">
    <subfield code="a">RUSPER</subfield>
  </datafield>
</record>
